<?xml version="1.0" encoding="UTF-8"?><?xml-stylesheet type="text/xsl" href="static/style.xsl"?><OAI-PMH xmlns="http://www.openarchives.org/OAI/2.0/" xmlns:xsi="http://www.w3.org/2001/XMLSchema-instance" xsi:schemaLocation="http://www.openarchives.org/OAI/2.0/ http://www.openarchives.org/OAI/2.0/OAI-PMH.xsd"><responseDate>2026-04-17T05:14:31Z</responseDate><request verb="GetRecord" identifier="oai:riubu.ubu.es:10259/4695" metadataPrefix="marc">https://riubu.ubu.es/oai/request</request><GetRecord><record><header><identifier>oai:riubu.ubu.es:10259/4695</identifier><datestamp>2024-05-14T11:27:11Z</datestamp><setSpec>com_10259_4393</setSpec><setSpec>com_10259_5086</setSpec><setSpec>com_10259_2604</setSpec><setSpec>col_10259_4394</setSpec></header><metadata><record xmlns="http://www.loc.gov/MARC21/slim" xmlns:doc="http://www.lyncode.com/xoai" xmlns:xsi="http://www.w3.org/2001/XMLSchema-instance" xmlns:dcterms="http://purl.org/dc/terms/" xsi:schemaLocation="http://www.loc.gov/MARC21/slim http://www.loc.gov/standards/marcxml/schema/MARC21slim.xsd">
<leader>00925njm 22002777a 4500</leader>
<datafield tag="042" ind1=" " ind2=" ">
<subfield code="a">dc</subfield>
</datafield>
<datafield tag="720" ind1=" " ind2=" ">
<subfield code="a">Diez Mediavilla, Montserrat</subfield>
<subfield code="e">author</subfield>
</datafield>
<datafield tag="720" ind1=" " ind2=" ">
<subfield code="a">Dieste Velasco, Mª Isabel</subfield>
<subfield code="e">author</subfield>
</datafield>
<datafield tag="720" ind1=" " ind2=" ">
<subfield code="a">Rodríguez Amigo, María del Carmen</subfield>
<subfield code="e">author</subfield>
</datafield>
<datafield tag="720" ind1=" " ind2=" ">
<subfield code="a">García Calderón, Teófilo</subfield>
<subfield code="e">author</subfield>
</datafield>
<datafield tag="720" ind1=" " ind2=" ">
<subfield code="a">Alonso Tristán, Cristina</subfield>
<subfield code="e">author</subfield>
</datafield>
<datafield tag="260" ind1=" " ind2=" ">
<subfield code="c">2013-12</subfield>
</datafield>
<datafield tag="520" ind1=" " ind2=" ">
<subfield code="a">A new procedure is presented to analyse the performance of grid-tied PV facilities. It needs limited amounts of data that are easily sourced and is based on knowledge of the analysed system and its mode of operation. The procedure is applied, in a case study, to compare real PV production at two 100 kWp grid-connected PV installations. Located in the same geographical region, the installation of these two facilities followed the same construction criteria – PV panels, panel support system and wiring – and the facilities were exposed to the same atmospheric temperature and solar radiation. They differ with regard to their inverter technology: one facility uses an inverter with an integrated transformer system and the other uses a transformerless inverter. The results show that the transformerless inverter system performed better than the isolated system by a factor of 1.2%, which, in economic terms, represents more than 2000 €/year</subfield>
</datafield>
<datafield tag="024" ind2=" " ind1="8">
<subfield code="a">0196-8904</subfield>
</datafield>
<datafield tag="024" ind2=" " ind1="8">
<subfield code="a">http://hdl.handle.net/10259/4695</subfield>
</datafield>
<datafield tag="024" ind2=" " ind1="8">
<subfield code="a">10.1016/j.enconman.2013.08.035</subfield>
</datafield>
<datafield ind1=" " ind2=" " tag="653">
<subfield code="a">PV facilities</subfield>
</datafield>
<datafield ind1=" " ind2=" " tag="653">
<subfield code="a">Performance</subfield>
</datafield>
<datafield ind1=" " ind2=" " tag="653">
<subfield code="a">Transformerless inverter</subfield>
</datafield>
<datafield ind1=" " ind2=" " tag="653">
<subfield code="a">Isolated inverter</subfield>
</datafield>
<datafield tag="245" ind1="0" ind2="0">
<subfield code="a">Performance of grid-tied PV facilities: a case study based on real data</subfield>
</datafield>
</record></metadata></record></GetRecord></OAI-PMH>